Hô-Nô-Rê đơ Ban-Dăc (1799-1850)

保存先:
書誌詳細
第一著者: Trọng Đức
フォーマット: 図書
言語:Vietnamese
出版事項: H. Giáo dục 1980
シリーズ:Sách Đại học Sư phạm
主題:
タグ: タグ追加
タグなし, このレコードへの初めてのタグを付けませんか!
Thư viện lưu trữ: Mạng thư viện Đại học Đà Nẵng
LEADER 01070nam a2200325 4500
001 000006759
003 2919
005 20120516150507.0
008 110921s1980 viesd
020 |c 10000đ 
041 0 |a vie 
082 |a 343.092  |b Hôn 
100 0 |a Trọng Đức 
245 0 |a Hô-Nô-Rê đơ Ban-Dăc (1799-1850)  |c Trọng Đức biên soạn 
260 |a H.  |b Giáo dục  |c 1980 
300 |a 176 tr.  |c 19 cm. 
490 |a Sách Đại học Sư phạm 
653 |a Văn học hiện thực phê phán 
653 |a văn học Pháp 
910 |a Huỳnh Thị Cẩm Lai  |d 21/09/2011 
OWN |a LSP 
AVA |a UDN50  |b LSP  |d 343.092 Hôn  |e available  |t Error 5001 Not defined in file expand_doc_bib_avail.  |f 4  |g 2  |h N  |i 0  |k 1 
999 |a From the UDN01 
AVA |a UDN50  |b LSP  |d 343.092 Hôn  |e available  |t Error 5001 Not defined in file expand_doc_bib_avail.  |f 4  |g 2  |h N  |i 0  |k 1 
TYP |a Monograph 
TYP |a Printed language 
980 |a Mạng thư viện Đại học Đà Nẵng